Statistics for Wards of Kyoto City

Click here to take the quiz!

General Stats

  • This quiz has been taken 12 times
  • The average score is 9 of 11

Answers on the Map

Answers color-coded by a green-red scale on the quiz's map according to % correct below.
 

Answer Stats

Answer% Correct
Minami 南
100%
Sakyo 左京
100%
Fushimi 伏見
88%
Higashiyama 東山
88%
Kita 北
88%
Nakagyo 中京
88%
Kamigyo 上京
75%
Ukyo 右京
75%
Yamashina 山科
75%
Nishikyo 西京
63%
Shimogyo 下京
63%

Score Distribution

Percentile by Number Answered

Percent of People with Each Score

Your Score History

You have not taken this quiz